000 01138cam a2200349 a 4500
001 1188044
003 OSt
005 20110426085544.0
008 971022s1997 enk 001 0 eng
010 _a 97144615
020 _a0421550600
040 _aDLC
_cDLC
043 _ae-uk---
050 0 0 _aKD1859
_b.C64 1997
082 0 0 _a346.42086 COL
_222
100 1 _aColinvaux, Raoul P.
_91576
245 1 0 _aColinvaux's law of insurance /
_cedited by Robert Merkin. _
246 3 0 _aLaw of insurance
250 _a7th ed. _
260 _aLondon :
_bSweet & Maxwell,
_c1997.
300 _alxxx, 567 p. ;
_c26 cm.
440 0 _aInsurance practitioners library
_91577
500 _aIncludes index.
525 _aKept up to date by supplements.
650 0 _aInsurance law
_zGreat Britain.
_91578
700 1 _aMerkin, Robert M.
_91579
700 1 _aColinvaux, Raoul P.
_tLaw of insurance.
_91580
906 _a7
_bcbc
_corignew
_d2
_encip
_f19
_gy-gencatlg
942 _2ddc
_cBK
999 _c541
_d541